Historia constitucional de Chile: las instituciones políticas y sociales

Sparad:
Bibliografiska uppgifter
Huvudupphovsman: Campos Harriet, Fernando (Författare, medförfattare)
Materialtyp: Bok
Språk:spanska
Publicerad: Santiago, Chile Jurídica de Chile 1983
Upplaga:Sexta edición
Ämnen:
Taggar: Lägg till en tagg
Inga taggar, Lägg till första taggen!

MARC

LEADER 00000nam a2200000 a 4500
001 UCP2830
003 CL-VaPUC
005 20210811001530.0
008 990531e19830000CL |||||||||||||||||spa|d
999 |c 281300  |d 281298 
040 |c Pontificia Universidad Católica de Valparaíso 
082 0 4 |a 342.83 CAM 1983  |2 21 
100 0 |a Campos Harriet, Fernando  |e author  |9 429828 
245 1 0 |a Historia constitucional de Chile:  |b  las instituciones políticas y sociales 
250 |a Sexta edición 
260 |a Santiago, Chile  |b Jurídica de Chile  |c 1983 
300 |a 430 páginas 
583 |a last modification  |c 19990531 00:00:00  |k Rodrigo Vera 
650 0 |a Historia constitucional  |z CHILE  |9 256052 
650 7 |a GOBIERNO Y ADMINISTRACION  |2 CL-VaPUC  |9 258649  |z CHILE 
852 |a BIBCUR 
942 |c BK  |2 ddc 
945 |d 19990531 00:00:00  |a lriquelm 
952 |0 0  |1 0  |2 ddc  |4 0  |6 342_830000000000000_CAM_1983  |7 0  |8 A  |9 322006  |a BIBHIS  |b BIBHIS  |d 2019-11-20  |i 1360884  |o 342.83 CAM 1983  |p 1360884  |r 2025-01-20  |t 1  |w 2019-11-20  |y BK  |k HIS